| 000 | 00529nam a2200193 a 4500 | ||
|---|---|---|---|
| 001 | 1772278426020 | ||
| 003 | YourLibrary | ||
| 005 | 20260228174150.0 | ||
| 008 | 260228s2006##################000#0#eng## | ||
| 020 | _a9.78813E+12 | ||
| 082 | 0 | 4 |
_a327 _bSHO |
| 100 | 1 |
_aJain, Shobhita, _eauthor. |
|
| 245 | 1 | 0 | _aThe Economics and Politics of Resettlement in India : |
| 260 |
_bPearson Education India, _c2006. |
||
| 300 | _a352 pages | ||
| 650 | 0 | _aSocial Science. | |
| 942 | _cENGLISH | ||
| 040 |
_aYourLibrary _beng _cYourLibrary |
||
| 999 |
_c616183 _d616183 |
||